00331nam a22001457a 4500020001800000082002100018100002000039100001800059100001700077100001500094245003000109250000600139260003200145300000800177 a9788172339890 a589.2 MANb30155 aManoharachary.C aK.V.B.R.Tilak aK.V.Mallaiah aI.K.Kunwar aMycology and Microbiology a1 aNew DelhibScientificc2016 a607